[Event "12 Indiv. Ch. Greece-Men U18"]
[Site "?"]
[Date "2009.01.08"]
[Round "9.3"]
[White "Pavlidis, Antonios"]
[Black "Hristodoulou, Panagiotis"]
[Result "0-1"]
[WhiteElo "2278"]
[BlackElo "2110"]
[PlyCount "118"]
[EventDate "2009.01.02"]

1. e4 Nf6 2. e5 Nd5 3. d4 d6 4. c4 Nb6 5. exd6 cxd6 6. Nc3 g6 7. Be3 Bg7 8. Rc1
O-O 9. b3 e5 10. dxe5 dxe5 11. Qxd8 Rxd8 12. c5 N6d7 13. Bc4 Nc6 14. Nf3 Na5
15. Be2 b6 16. Na4 bxc5 17. Nxc5 Nxc5 18. Rxc5 Nb7 19. Rc7 Rd7 20. Rc2 Nd6 21.
O-O Nf5 22. Rfc1 Bb7 23. Rc7 Rad8 24. Bg5 f6 25. Rxd7 Rxd7 26. Bc4+ Bd5 27. Rd1
Nd4 28. Rxd4 exd4 29. Bxd5+ Rxd5 30. Bd2 Rc5 31. Nxd4 Rd5 32. Nf3 Bh6 33. Be1
Rd1 34. Kf1 Ra1 35. Ke2 Rxa2+ 36. Kd3 Kf7 37. Nd4 Ra1 38. Bc3 Rd1+ 39. Ke2 Rc1
40. Kd3 Rg1 41. g3 Bf8 42. b4 Bd6 43. Nb5 Bb8 44. Bd4 a6 45. Nc3 Bd6 46. Kc4
Ke6 47. Be3 Rh1 48. h4 f5 49. Ne2 Rb1 50. Nd4+ Kd7 51. Nb3 Kc6 52. Bc1 Be5 53.
Na5+ Kc7 54. Nb3 h5 55. Be3 Bd6 56. Bc1 f4 57. gxf4 Be7 58. Kc3 Bxh4 59. Kc2
Rxb3 0-1

[Event "12 Indiv. Ch. Greece-Men U18"]
[Site "?"]
[Date "2009.01.08"]
[Round "9.4"]
[White "Homatidis, Panagiotis"]
[Black "Kourousis, Epaminondas"]
[Result "0-1"]
[WhiteElo "2133"]
[BlackElo "2228"]
[PlyCount "72"]
[EventDate "2009.01.02"]

1. e4 c6 2. Nf3 d5 3. Nc3 Bg4 4. h3 Bxf3 5. Qxf3 e6 6. d3 Nf6 7. Bd2 Be7 8. g4
O-O 9. O-O-O b5 10. h4 b4 11. Ne2 a5 12. g5 Ne8 13. h5 Bxg5 14. Bxg5 Qxg5+ 15.
Kb1 a4 16. Rg1 Qf6 17. Qe3 Nd7 18. f4 Nc7 19. Qg3 Rfb8 20. e5 Qh6 21. f5 Kh8
22. Bh3 Nc5 23. Nd4 Nb5 24. Nxb5 cxb5 25. Qh4 b3 26. Qe7 bxc2+ 27. Kxc2 Qe3 28.
h6 Rb7 29. hxg7+ Kg8 30. Qh4 a3 31. fxe6 Nxe6 32. Bxe6 Qe2+ 33. Rd2 Rc7+ 34.
Kb1 Qxd2 35. Bxf7+ Rxf7 36. bxa3 Rf2 0-1

[Event "12 Indiv. Ch. Greece-Men U18"]
[Site "?"]
[Date "2009.01.08"]
[Round "9.5"]
[White "Dimopoulos, Dimitrios"]
[Black "Kaforos, Dimitrios-Alkis"]
[Result "0-1"]
[WhiteElo "1892"]
[BlackElo "2182"]
[PlyCount "66"]
[EventDate "2009.01.02"]

1. e4 c5 2. c3 d5 3. exd5 Qxd5 4. d4 Nf6 5. Nf3 Bg4 6. Be2 e6 7. O-O Nc6 8. h3
Bh5 9. Be3 cxd4 10. cxd4 Be7 11. Nc3 Qa5 12. Qb3 Qb4 13. Qxb4 Bxb4 14. g4 Bg6
15. Ne5 O-O 16. Nxc6 bxc6 17. Rac1 Rab8 18. Rfd1 Bxc3 19. bxc3 Nd5 20. Bd2 Rb2
21. Bc4 Bc2 22. Re1 Rfb8 23. h4 a5 24. Ra1 a4 25. Bc1 Rb1 26. Rxb1 Rxb1 27. Bd2
Nb6 28. Be2 Rb2 29. Bd1 Bxd1 30. Rxd1 Nc4 31. Bf4 Rxa2 32. Rb1 Rb2 33. Ra1 a3
0-1

[Event "12 Indiv. Ch. Greece-Men U18"]
[Site "?"]
[Date "2009.01.08"]
[Round "9.7"]
[White "Athanasiou, Georgios"]
[Black "Naoum, Spyridon"]
[Result "1-0"]
[WhiteElo "1915"]
[BlackElo "1732"]
[PlyCount "101"]
[EventDate "2009.01.02"]

1. e4 c5 2. Nf3 d6 3. d4 cxd4 4. Nxd4 Nf6 5. Nc3 Nc6 6. Bc4 Qb6 7. Nb3 a6 8.
O-O e6 9. Be3 Qc7 10. f4 Be7 11. a4 Nb4 12. Bd3 d5 13. e5 Nd7 14. Qg4 g6 15.
Qe2 Nc5 16. Nxc5 Bxc5 17. Bxc5 Qxc5+ 18. Qf2 Qxf2+ 19. Kxf2 Nxd3+ 20. cxd3 Bd7
21. Rfc1 Ke7 22. Ne2 Rac8 23. b3 Rxc1 24. Rxc1 Rc8 25. Rxc8 Bxc8 26. Nd4 Bd7
27. g4 f5 28. g5 Kd8 29. Ke3 Kc7 30. Nc2 b6 31. Kd4 a5 32. Na3 b5 33. Kc5 bxa4
34. bxa4 Bxa4 35. d4 Bd1 36. Nb5+ Kd7 37. Nc3 Bc2 38. Kb5 Bd3+ 39. Kxa5 Kc6 40.
Na4 Bc4 41. Nc5 Ba2 42. Nxe6 Kd7 43. Nf8+ Ke7 44. Nxh7 Bb3 45. Kb4 Ba2 46. Kc5
Bb3 47. Nf6 Ke6 48. h4 Ba2 49. h5 gxh5 50. Nxh5 Ke7 51. Ng7 1-0

[Event "12 Indiv. Ch. Greece-Men U18"]
[Site "?"]
[Date "2009.01.08"]
[Round "9.8"]
[White "Rigopoulos-Tsigkos, Alexandros"]
[Black "Kirgeridis, Panagiotis"]
[Result "0-1"]
[WhiteElo "2020"]
[BlackElo "2061"]
[PlyCount "64"]
[EventDate "2009.01.02"]

1. e4 c5 2. c3 Nf6 3. e5 Nd5 4. d4 cxd4 5. Nf3 e6 6. cxd4 d6 7. a3 Bd7 8. Bd3
h6 9. O-O Bc6 10. Re1 Nd7 11. b4 a6 12. Bc2 Rc8 13. Bb2 Be7 14. Nbd2 dxe5 15.
dxe5 b5 16. Nd4 Ba8 17. Qg4 Kf8 18. Bg6 Nc7 19. Qf4 Qe8 20. Rac1 Bg5 21. Bxf7
Bxf4 22. Bxe8 Kxe8 23. Rc2 Bxd2 24. Rxd2 Ke7 25. f4 Nb6 26. f5 Nc4 27. Rf2 Nxb2
28. Rxb2 Bd5 29. g4 Na8 30. f6+ gxf6 31. exf6+ Kf7 32. h3 Rc3 0-1

[Event "12 Indiv. Ch. Greece-Men U18"]
[Site "?"]
[Date "2009.01.08"]
[Round "9.9"]
[White "Asimakopoulos, Konstantinos"]
[Black "Tsokopoulos, Dedalos"]
[Result "1/2-1/2"]
[WhiteElo "1870"]
[BlackElo "1922"]
[PlyCount "63"]
[EventDate "2009.01.02"]

1. e4 c6 2. d4 d5 3. exd5 Qxd5 4. c4 Qd8 5. Nc3 Bf5 6. Nf3 Nf6 7. Bd3 g6 8. O-O
Bg7 9. Be3 O-O 10. h3 Nbd7 11. Bxf5 gxf5 12. Qc1 Ne4 13. Bh6 Ndf6 14. Bxg7 Kxg7
15. Qf4 e6 16. Rad1 Nxc3 17. bxc3 Ne4 18. Qe5+ Qf6 19. Qxf6+ Kxf6 20. Rd3 Rad8
21. Nd2 Nxd2 22. Rxd2 e5 23. dxe5+ Kxe5 24. Re1+ Kf6 25. Rxd8 Rxd8 26. Rb1 Rd3
27. Rxb7 Rxc3 28. Rxa7 Rxc4 29. Rb7 Ra4 30. Rb6 Rxa2 31. Rxc6+ Kg7 32. f3
1/2-1/2

[Event "12 Indiv. Ch. Greece-Men U18"]
[Site "?"]
[Date "2009.01.08"]
[Round "9.10"]
[White "Liaskos, Leonidas"]
[Black "Liodakis, Konstantinos"]
[Result "1-0"]
[WhiteElo "1997"]
[BlackElo "1888"]
[PlyCount "65"]
[EventDate "2009.01.02"]

1. e4 e6 2. d4 d5 3. Nc3 Nf6 4. Bg5 Bb4 5. Nge2 h6 6. Bxf6 Qxf6 7. a3 Bxc3+ 8.
Nxc3 c6 9. e5 Qe7 10. Qg4 O-O 11. Bd3 a6 12. Ne2 Qg5 13. Qf3 f5 14. h4 Qg4 15.
Qxg4 fxg4 16. h5 c5 17. c3 Bd7 18. Rh4 Be8 19. Rc1 Nc6 20. Bg6 Bxg6 21. hxg6 g3
22. Nxg3 Rac8 23. Ne2 cxd4 24. cxd4 Rf5 25. Rf4 Rcf8 26. Rxf5 Rxf5 27. Rc3 Kf8
28. Rb3 Nd8 29. f4 Ke7 30. g4 Rf8 31. Rf3 Nc6 32. f5 Nb8 33. Nf4 1-0